000 00461nam a2200205Ia 4500
005 20240823051949.0
008 240823s9999||||xx |||||||||||||| ||und||
020 _a978-81-203-2782-9
041 _aENGLISH
082 _A530.13 Q0
100 _aSrivastava R K
245 0 _aStatistical Mechanics
250 _a1st
260 _c2010
_b#VALUE!
500 _aYES
650 _aMATHS
_bMathematics
700 _a Ashok J
942 _cBK
999 _c220773
_d220773